Most Popular Soft Drinks - Statistics

General Stats
  • This quiz has been taken 749 times
  • The average score is 6 of 10
Answer Stats
Rank Drink % Correct
1 Coca Cola
99%
2 Pepsi
95%
6 Sprite
88%
8 Fanta
85%
5 Dr Pepper
76%
4 Mountain Dew
61%
3 Diet Coke
45%
7 Diet Pepsi
36%
10 Coke Zero
25%
9 Diet Mountain Dew
12%
No matching quizzes found
Score Distribution
Percent of People with Each Score
Percentile by Number Answered
Your Score History
You have not taken this quiz